ARRUPE JESUIT UNIVERSITY

CORONAVIRUS -STOP THE SPREAD - CLEAN,DISINFECT,COVER

Therese of Lisieux. (Record no. 130565)

MARC details
000 -LEADER
fixed length control field 00825cam a2200253 i 4500
001 - CONTROL NUMBER
control field 18595044
003 - CONTROL NUMBER IDENTIFIER
control field ARRUPE
005 - DATE AND TIME OF LATEST TRANSACTION
control field 20201028115047.0
008 - FIXED-LENGTH DATA ELEMENTS--GENERAL INFORMATION
fixed length control field 150428s1976 njua 000 0 eng
010 ## - LIBRARY OF CONGRESS CONTROL NUMBER
LC control number 2014450605
040 ## - CATALOGING SOURCE
Original cataloging agency DLC
Language of cataloging eng
Description conventions rda
Transcribing agency DLC
Modifying agency DLC
042 ## - AUTHENTICATION CODE
Authentication code pcc
043 ## - GEOGRAPHIC AREA CODE
Geographic area code n-us-ny
050 00 - LIBRARY OF CONGRESS CALL NUMBER
Classification number BX5080.T54 H741
300 ## - PHYSICAL DESCRIPTION
Dimensions 20 cm.
100 ## - MAIN ENTRY--PERSONAL NAME
Personal name Hollings, Michael
9 (RLIN) 50039
245 00 - TITLE STATEMENT
Title Therese of Lisieux.
Statement of responsibility, etc Michael Hollings
260 ## - PUBLICATION, DISTRIBUTION, ETC. (IMPRINT)
Place of publication, distribution, etc Oxford
Name of publisher, distributor, etc Collins Fount Paperbags
Date of publication, distribution, etc 1982
300 ## - PHYSICAL DESCRIPTION
Extent 62p. :
610 20 - SUBJECT ADDED ENTRY--CORPORATE NAME
Corporate name or jurisdiction name as entry element St. Therese of Lisieux
9 (RLIN) 50040
651 #0 - SUBJECT ADDED ENTRY--GEOGRAPHIC NAME
Geographic name Brooklyn (New York, N.Y.)
General subdivision Church history.
9 (RLIN) 50041
906 ## - LOCAL DATA ELEMENT F, LDF (RLIN)
a 7
b cbc
c orignew
d 2
e ncip
f 20
g y-gencatlg
942 ## - ADDED ENTRY ELEMENTS (KOHA)
Source of classification or shelving scheme Library of Congress Classification
Koha item type Monograph ( Printed materials)

No items available.

 

Arrupe Library. PO Box MP320 Mt Pleasant, Harare, Zimbabwe
263 242 745411|librarian@aju.ac.zw